Statistics for George Kennedy Filmography

Click here to take the quiz!

General Stats

  • This quiz has been taken 5 times
    (2 since last reset)
  • The average score is 7 of 204

Answer Stats

TypeYearName% Correct
Film1967Cool Hand Luke
100%
Film1973Cahill U.S. Marshal
50%
Film1963Charade
50%
Film1978Death on the Nile
50%
Film1974Earthquake
50%
Film1967Hurry Sundown
50%
Film1962Lonely Are the Brave
50%
Film1967The Dirty Dozen
50%
Film1975The Eiger Sanction
50%
Film1991The Naked Gun 2½: The Smell of Fear
50%
Film1988The Naked Gun: From the Files of Police Squad!
50%
Film1965The Sons of Katie Elder
50%
Film1974Thunderbolt and Lightfoot
50%
TV Show196377 Sunset Strip
0%
TV Show1997Aaahh!!! Real Monsters
0%
TV Show1974ABC Late Night
0%
TV Film1974A Cry in the Wilderness
0%
TV Film1972A Great American Tragedy
0%
Commercial1982Air Florida
0%
Film1970Airport
0%
Film1974Airport 1975
0%
Film1977Airport '77
0%
TV Show1962, 1963Alcoa Premiere
0%
Film1988Alien Terminator
0%
TV Show1965A Man Called Shenandoah
0%
Film2011Another Happy Day
0%
TV Mini-Series1979Backstairs at the White House
0%
Film1968Bandolero!
0%
TV Show1961Bat Masterson
0%
Film1997Bayou Ghost
0%
TV Show1986Benson
0%
TV Show1963Bob Hope Presents the Chrysler Theatre
0%
Film1984Bolero
0%
TV Show1961, 1964Bonanza
0%
Film1988Born to Race
0%
Film1990Brain Dead
0%
Film1978Brass Target
0%
Commercial1996Breath Assure
0%
Commercial1999Can Do! Glucosamine
0%
Film1997Cats Don't Dance
0%
Film1984Chattanooga Choo Choo
0%
TV Show1959Cheyenne
0%
TV Show1959Colt .45
0%
Documentary Series1982Counterattack: Crime in America
0%
Film1988Counterforce
0%
Film1987Creepshow 2
0%
TV Show1988-1991Dallas
0%
TV Film1996Dallas: J.R. Returns
0%
TV Film1998Dallas: War of the Ewings
0%
TV Show1965Daniel Boone
0%
Film1980Death Ship
0%
TV Show1962Death Valley Days
0%
TV Film1973Deliver Us from Evil
0%
Film1988Demonwarp
0%
Film1998Dennis the Menace Strikes Again!
0%
Film1970Dirty Dingus Magee
0%
Film1992Distant Justice
0%
Film2005Don't Come Knocking
0%
TV Show1963, 1966Dr. Kildare
0%
TV Show1995Duckman: Private Dick/Family Man
0%
Film1989Esmerelda Bay
0%
TV Show1983Fantasy Island
0%
TV Film1992Final Shot: The Hank Gathers Story
0%
Film1971Fools' Parade
0%
Film1969Gaily, Gaily
0%
Short Documentary2007George Kennedy on James Stewart
0%
TV Show1962Going My Way
0%
TV Film1990Good Cops, Bad Cops
0%
TV Show1963Grindl
0%
TV Show1961Gunslinger
0%
TV Show1960-1966Gunsmoke
0%
Film1969Guns of the Magnificent Seven
0%
TV Film1985Half Nelson
0%
Film1991Hangfire
0%
TV Show1960-1963Have Gun - Will Travel
0%
Film1990Hired to Kill
0%
TV Pilot1998Hollyweird
0%
TV Documentary2001Holy War, Un-Holy Victory
0%
Film1980Hotwire
0%
Film1964Hush... Hush, Sweet Charlotte
0%
Film1965In Harm's Way
0%
Film1991Intensive Care
0%
TV Film1985International Airport
0%
TV Show1971Ironside
0%
Film1964Island of the Blue Dolphins
0%
Theater1940John Henry
0%
Film1981Just Before Dawn
0%
TV Show1961Klondike
0%
TV Show1962, 1963Kraft Mystery Theater
0%
TV Show1960Laramie
0%
TV Show1965Laredo
0%
TV Show1960Lawman
0%
TV Film1986Liberty
0%
TV Show1994Lonesome Dove: The Series
0%
Film1973Lost Horizon
0%
Film2010Mad Mad Wagon Party
0%
TV Show1960Maverick
0%
Film1990Mayumi
0%
TV Show1963, 1964McHale's Navy
0%
Film1964McHale's Navy
0%
Film1978Mean Dog Blues
0%
TV Film1998Men in White
0%
Film1989Ministry to Vengeance
0%
Film1965Mirage
0%
Film1981Modern Romance
0%
TV Film2003Monster Makers
0%
Film1994Naked Gun 33⅓: The Final Insult
0%
TV Short1979Never Say Never
0%
Film1988Nightmare at Noon
0%
TV Show1962Outlaws
0%
TV Show1963Perry Mason
0%
TV Show1960Peter Gunn
0%
Film1988Private Road: No Trespassing
0%
Film1977Proof of the Man
0%
Film1985Radioactive Dreams
0%
Film1984Rare Breed
0%
TV Show1962Rawhide
0%
Film1984Rigged
0%
TV Show1960Riverboat
0%
Film1994River of Stone
0%
TV Show1960Route 66
0%
TV Film2007Sands of Oblivion
0%
TV Show1995Santo Bugito
0%
TV Show1971-1972Sarge
0%
TV Show1981Saturday Night Live
0%
Film1985Savage Dream
0%
Film1979Search and Destroy
0%
TV Film1964See How They Run
0%
Film1965Shenandoah
0%
TV Show1960Shotgun Slade
0%
Film2010Six Days in Paradise
0%
Film1998Small Soldiers
0%
Short Film1974Sonic Boom
0%
Film1979Steel
0%
Film1964Strait-Jacket
0%
TV Show1959, 1960Sugarfoot
0%
Music Video1995Summer's Comin'
0%
TV Show1961Surfside 6
0%
TV Show1960, 1962Tales of Wells Fargo
0%
TV Show1967Tarzan
0%
TV Show1964The Alfred Hitchcock Hour
0%
TV Show1963The Andy Griffith Show
0%
TV Film1981The Archer: Fugitive from the Empire
0%
TV Show1961The Asphalt Jungle
0%
Film1967The Ballad of Josie
0%
TV Show1966The Big Valley
0%
TV Show1975-1976The Blue Knight
0%
Film2008The Boneyard Collection
0%
Film1968The Boston Strangler
0%
TV Film1972The Bull of the West
0%
TV Show1961The Case of the Dangerous Robin
0%
TV Show1995The Commish
0%
Documentary Series2004-2005The Complete History of U.S. Wars 1700-2004
0%
Film1979The Concorde ...Airport '79
0%
TV Show1973The Dean Martin Show
0%
Film1986The Delta Force
0%
TV Show1959The Deputy
0%
Short Film2004The Devil's Due at Midnight
0%
Film1979The Double McGuffin
0%
TV Show1963The Farmer's Daughter
0%
Film1965The Flight of the Phoenix
0%
Film2014The Gambler
0%
TV Mini-Series1995The Gambler Part III: The Legend Continues
0%
Film1969The Good Guys and the Bad Guys
0%
TV Show1964The Great Adventure
0%
Film1987The Gunfighters
0%
Film1975The "Human" Factor
0%
TV Show1966The Jean Arthur Show
0%
TV Film1984The Jesse Owens Story
0%
Documentary1982The Jupiter Menace
0%
TV Show1966The Legend of Jesse James
0%
Film1968The Legend of Lylah Clare
0%
Film1961The Little Shepherd of Kingdom Come
0%
TV Show1984The Love Boat
0%
Film1963The Man from the Diners' Club
0%
Film2008The Man Who Came Back
0%
TV Show1956-1959The Phil Silvers Show
0%
Film1968The Pink Jungle
0%
TV Show1996The Real Adventures of Jonny Quest
0%
TV Show1961The Red Skelton Hour
0%
TV Show1964The Rogues
0%
Film1962The Silent Witness
0%
TV Show1980The Steve Allen Comedy Hour
0%
TV Show1961, 1962The Tall Man
0%
Film1989The Terror Within
0%
Theater2012The Threepenny Opera
0%
TV Show1963The Travels of Jaimie McPheeters
0%
TV Show1961The Untouchables
0%
TV Show1964, 1965, 1966The Virginian
0%
TV Show2003, 2010The Young and the Restless
0%
Film2005Three Bad Men
0%
TV Show1962Thriller
0%
Film1970...tick...tick...tick...
0%
Commercial1984TOTLCOM
0%
Film1991Trabbi Goes to Hollywood
0%
Film2005Truce
0%
Commercial1980Tums
0%
Film1988Uninvited
0%
Film2003View from the Top
0%
Film1980Virus
0%
Film1982Wacko
0%
TV Film1988What Price Victory
0%
TV Show1996Wings
0%
Film1970Zig Zag
0%

Score Distribution

Percentile by Number Answered

Percent of People with Each Score

Your Score History

You have not taken this quiz since the last reset